00286nam a2200109Ia 4500008004100000100002100041245004300062260003700105650001000142942000700152999001700159190216s9999||||xx |||||||||||||| ||und|| aAthithya Natasha 0aHindi-Bharathiya Darshanam Ka Samasway bMadya Pradesh Sahithya Prakashan aHindi cBK c15268d15268